00418nam a22001577a 4500003000400000005001700004008004100021020001400062050002100076082002000097100002400117245003000141260005500171300002100226650001300247OSt20140310182310.0121115t xxu||||| |||| 00| 0 eng d a01991570X aPZ 7b.Is79 2001 aFIC bIs3e 2001 aIsherwood, Shirley  aEva /cShirley Isherwood. aUnited Kingdom :bAshford Clour Press Ltd.,c2001. a126 p. :c20 cm. aFiction